[Event "45th Olympiad 2024"]
[Site "Budapest HUN"]
[Date "2024.09.21"]
[Round "10.58"]
[Board "1"]
[White "Gurner, Jem"]
[Black "Eltigani, Omar"]
[Result "0-1"]
[WhiteElo "2091"]
[BlackElo "2241"]
[PlyCount "108"]
[EventDate "2024.09.11"]
[WhiteTeam "Jersey"]
[BlackTeam "Sudan"]
[BlackTeamCountry "SUD"]

1. d4 d5 2. c4 c6 3. Nc3 Nf6 4. Nf3 e6 5. Bg5 h6 6. Bxf6 Qxf6 7. e3 Nd7 8. Be2 g6 9. O-O Bg7 10. Qc2 ({RR} 10. cxd5 exd5 11. b4 a6 12. a4 O-O 13. b5 a5 14. Rc1 Re8 15. Qb3 Qd6 16. Rfd1 Nf8 17. Nb1 Bd7 18. Qa3 Qb4 19. Ne1 Ne6 20. Nc2 Qxa3 21. Nbxa3 Bf8 22. Rb1 c5 23. Bf3 cxd4 24. Bxd5 dxe3 {0-1 Yu,Y (2784)-Korobov,A (2756) Hengshui IMSA rapid 2019 (4)}) 10... O-O 11. e4 dxc4 $146 ({RR} 11... dxe4 12. Nxe4 Qd8 13. Nd6 Qc7 14. c5 e5 15. Rad1 exd4 16. Nxd4 Nf6 17. Nxc8 Raxc8 18. Bf3 Rcd8 19. b4 a6 20. Nb3 Rxd1 21. Rxd1 Rd8 22. Na5 Qe7 23. Nc4 Nd5 24. Bxd5 cxd5 25. Nd6 d4 26. Qe4 {0-1 Cieslak,P (2300)-Rees,I (2266) Titled Tue 6th Feb Late 2024 (1)}) 12. e5 Qe7 13. Bxc4 b5 14. Bd3 Bb7 15. Ne4 c5 16. dxc5 Rac8 17. b4 Nxe5 18. Nxe5 Bxe5 19. Rad1 Qh4 20. g3 Qh3 21. Rfe1 Bc6 22. Bf1 Qg4 23. f4 Bg7 24. Nd6 Rc7 25. Bxb5 Ba8 26. Be2 Qh3 27. Bf1 Qh5 28. Bg2 Bxg2 29. Kxg2 Rb8 30. a3 a5 31. Qc4 Bf8 32. Ne4 Qf5 33. Qd4 Bg7 34. Qd6 Rcc8 35. Qd7 Kh7 36. c6 axb4 37. c7 Ra8 38. axb4 Ra2+ 39. Nf2 Qc2 40. Rf1 Rxc7 41. Qd8 Qe4+ 42. Kg1 Rcc2 43. Rd2 Qxb4 44. Rxc2 Rxc2 45. Qd7 Kg8 46. Rd1 Qc5 47. Qd8+ Kh7 48. Rd2 Rc1+ 49. Kg2 Qc6+ 50. Kh3 Rc5 51. Kg4 Rh5 52. h4 Qg2 53. f5 Rxf5 54. h5 Qf3+ 0-1

[Event "45th Olympiad 2024"]
[Site "Budapest HUN"]
[Date "2024.09.21"]
[Round "10.58"]
[Board "2"]
[White "Ahmed Hassan"]
[Black "Carpenter, Paul A"]
[Result "1-0"]
[WhiteElo "2234"]
[BlackElo "1985"]
[PlyCount "55"]
[EventDate "2024.09.11"]
[WhiteTeam "Sudan"]
[BlackTeam "Jersey"]
[WhiteTeamCountry "SUD"]

1. e4 b6 2. d4 Bb7 3. Nc3 e6 4. Bd3 g6 5. h4 ({RR} 5. Nf3 Bg7 6. O-O Ne7 7. Bf4 d6 8. Qd2 h6 9. h3 Nd7 10. Rfe1 a6 11. a4 g5 12. Bg3 Ng6 13. Rad1 O-O 14. Bc4 Kh8 15. Nh2 Nf6 16. Ng4 Nh5 17. Bh2 Nh4 18. Ne3 Nf4 19. Kh1 f5 {0-1 Kempinski,R (2590)-McShane,L (2614) Warsaw AIG Life rapid 6th 2006 (11)}) 5... Bg7 6. Be3 $146 ({RR} 6. Bg5 Ne7 7. e5 h6 8. Bxe7 Qxe7 9. Be4 Bxe4 10. Nxe4 Qb4+ 11. c3 Qxb2 12. Nf3 Nc6 13. O-O O-O 14. a4 Na5 15. h5 Qb3 16. Qd3 Qc4 17. Qe3 Qd5 18. Nfd2 Nc4 19. Nxc4 Qxc4 20. a5 b5 {1-0 Bardyk,A (2192)-Dragomirescu,R (2347) Titled Tue 13th Feb Late 2024 (4)}) 6... f5 7. exf5 exf5 8. Nf3 Nf6 9. h5 O-O 10. hxg6 hxg6 11. Ne5 Qe8 12. Bc4+ d5 13. Bb3 Nbd7 14. Qf3 Nxe5 15. dxe5 Qxe5 16. O-O-O c6 17. Bd4 Qc7 18. Bxf6 Bxf6 19. Rxd5 cxd5 20. Nxd5 Qe5 21. Nf4+ Rf7 22. Bxf7+ Kg7 23. Qxb7 Qxb2+ 24. Kd1 Qa1+ 25. Ke2 Qe5+ 26. Kf3 Rb8 27. Rh7+ Kf8 28. Nxg6# 1-0

[Event "45th Olympiad 2024"]
[Site "Budapest HUN"]
[Date "2024.09.21"]
[Round "10.58"]
[Board "3"]
[White "Belzo, Krzysztof"]
[Black "Hamid Ibrahim"]
[Result "1-0"]
[WhiteElo "2076"]
[BlackElo "2090"]
[PlyCount "83"]
[EventDate "2024.09.11"]
[WhiteTeam "Jersey"]
[BlackTeam "Sudan"]
[BlackTeamCountry "SUD"]

1. d4 {Hazai,Laszlo} Nf6 2. Nf3 g6 3. c4 Bg7 4. Nc3 O-O 5. Bf4 d6 6. Qd2 ({RR} 6. h3) 6... c6 ({RR} 6... Bg4 7. Bh6 ({RR} 7. e4 c5 8. d5 Bxf3 9. gxf3 Nbd7) 7... Bxh6 ({RR} 7... Bxf3 8. gxf3 e5 9. d5 Nh5) 8. Qxh6 Bxf3 9. gxf3 ({RR} 9. exf3 c6 10. O-O-O ({RR} 10. Be2 d5) 10... d5) 9... c5 10. O-O-O ({RR} 10. dxc5 dxc5) 10... Qa5 ({RR} 10... cxd4 11. Rxd4 Nc6 12. Rh4 Qa5 13. Bh3 ({RR} 13. Ne4 Qe1+ 14. Kc2 Nd4+ 15. Kd3 Qd1+) 13... Rfd8 14. Rg1 Ne5 15. Kb1) 11. d5 b5 ({RR} 11... Nbd7 12. h4 Ne5 13. e3 Qb4 14. h5 Nxh5 ({RR} 14... Nxc4 15. Bxc4 Qxc4 16. Rdg1 Kh8 17. hxg6 fxg6 18. Rxg6) 15. f4 Ng4 16. Qg5 Nhf6 17. Qh4) 12. cxb5 a6 13. e3 ({RR} 13. h4 axb5 ({RR} 13... Nbd7 14. h5 Nxh5 ({RR} 14... axb5 15. hxg6 fxg6 16. Bh3 b4 17. Be6+ Kh8 18. Ne4 Qxa2 19. Ng5) 15. Rxh5 gxh5 16. Qg5+ Kh8 17. Qxe7) 14. h5 b4 15. hxg6 fxg6 16. Ne4 Rf7 ({RR} 16... Nbd7 17. Bh3) 17. Bh3 Rg7 18. Be6+ Kh8 19. Nxf6 exf6 20. Qf4 Qd8 21. Kb1 Na6) 13... Nbd7 14. h4 ({RR} 14. bxa6 Rfb8 15. h4 c4 16. h5 Rxa6 ({RR} 16... Qb4 17. Rd2) 17. hxg6 ({RR} 17. Rd2 Rab6 18. Bxc4 ({RR} 18. Rc2 Rxb2) 18... Rxb2) 17... fxg6 18. Bxc4 ({RR} 18. Bh3 Rab6 19. Be6+ Kh8 20. Bxd7 Rxb2) 18... Qb4 19. Bb3 Rxa2) 14... axb5 15. Bxb5 ({RR} 15. h5 b4) 15... Ne5 16. h5 Rfb8 ({RR} 16... Nxh5 17. Rdg1 Nf6 18. f4 Nf3 19. Ne4) 17. hxg6 ({RR} 17. Be2 Rxb2) 17... Rxb5 ({RR} 17... fxg6 18. Be2 ({RR} 18. f4 Nf7 19. Qh4 Rxb5) 18... Rxb2 19. Kxb2 ({RR} 19. Ne4 Qxa2 20. Nxf6+ Kf7 21. Qxh7+ Kxf6 22. Qh4+ g5) 19... Qb4+ 20. Kc2 Ra3) 18. Ne4 fxg6 19. Nxf6+ Kf7 ({RR} 19... exf6 20. Qxh7+ Kf8 21. Qh8+ Ke7 22. Rh7+ Nf7 23. Rxf7+ Kxf7 24. Qh7+ Kf8 25. Rh1 Re8 26. Qd7 Re7 27. Qc8+ Re8 28. Qd7) 20. Ng4 ({RR} 20. Ne4 Rh8 ({RR} 20... Qxa2 21. Qxh7+ Ke8 22. Qg8+ Kd7 23. Qe6+ Kc7 24. Qxe7+ Kb6 25. Qxd6+ Ka5 26. Qxe5) ({RR} 20... Rf8 21. Nc3 Rbb8 22. f4) 21. Ng5+ Ke8 22. a3) 20... Qxa2 21. Nxe5+ {½-½ Kogan,A (2483)-Smirin,I (2666) ISR-chT Ramat Aviv 2000 (4.1)}) ({RR} 6... c5 7. d5 ({RR} 7. dxc5 dxc5) 7... Bf5 8. Bh6 Bxh6 ({RR} 8... e5) 9. Qxh6 Qb6 10. Qd2 e5) ({RR} 6... Bf5 7. Bh6) ({RR} 6... Nbd7 7. Bh6 e5 8. Bxg7 Kxg7 9. e3 exd4) 7. Bh6 Nbd7 ({RR} 7... Bg4 8. Bxg7 Kxg7 9. h3 Bxf3 10. exf3 Re8 11. f4 Nbd7 12. Be2 e5 13. fxe5 dxe5 14. O-O exd4 15. Qxd4 Nf8 16. Rad1 Ne6 17. Qd2 Qxd2 18. Rxd2 Rad8 19. Rfd1 Rxd2 20. Rxd2 c5 21. Bf3 Re7 22. Nb5 {1-0 Visser,W (1789)-Tourbez,G (1517) Reykjavik Open 2024 (5.151)}) 8. h4 $146 ({RR} 8. Bxg7 Kxg7 9. e3 a6 10. Bd3 b5 11. O-O b4 12. Ne4 Rb8 13. Rac1 c5 14. Rfd1 Bb7 15. d5 Nxe4 16. Bxe4 Nb6 17. Bb1 Bc8 18. h3 a5 19. e4 f6 20. Nh2 Bd7 21. f4 Qc7 22. Rf1 e5 {1-0 Romczik,D (1953)-Mecklenburg,R (1944) Ruhrgebiet VL1 0405 2004 (6.3)}) ({RR} 8. Bxg7 Kxg7 9. e4 e5 10. O-O-O Qc7 11. d5 Nc5 12. dxc6 Ncxe4 13. Nxe4 Nxe4 14. Qe3 Qxc6 15. Bd3 Nf6 16. Nh4 Be6 17. Qe2 e4 18. Bc2 d5 19. cxd5 Bxd5 20. Kb1 Rad8 21. Rd2 Qe6 22. Qe3 Bxa2+ {0-1 Zerboni,G (1541)-Del Val,J (1503) Lugano New op-B 8th 2015 (4)}) ({RR} 8. Bxg7 Kxg7 9. e3 e5 10. dxe5 dxe5 11. O-O-O Qa5 12. Kb1 Nc5 13. e4 Be6 14. Be2 Rad8 15. Qg5 Ncxe4 16. Nxe4 Nxe4 17. Qxe5+ Qxe5 18. Nxe5 Nxf2 19. Rxd8 Rxd8 20. Rf1 Ne4 21. Kc1 h5 22. Re1 Nf6 {0-1 Ryakhovskaya,O (1883)-Schultz,H (1909) BL2 Sued 0102 (Women) 2001 (2.3)}) 8... e5 9. Bxg7 Kxg7 10. h5 Qe7 11. hxg6 fxg6 12. dxe5 dxe5 13. g3 Ng4 14. Ne4 Ndf6 15. Qd6 Qxd6 16. Nxd6 Rd8 17. Nxc8 Raxc8 18. Bh3 Rc7 19. Ng5 Re7 20. Bxg4 Nxg4 21. Rxh7+ Kf6 22. Ne4+ Ke6 23. Nc5+ Kf6 24. Rxe7 Kxe7 25. Nxb7 Rb8 26. Na5 Rxb2 27. Nxc6+ Ke6 28. Nxa7 Rc2 29. a4 Rxc4 30. a5 Kd7 31. a6 Kc7 32. Nc6 Rxc6 33. a7 Rc1+ 34. Rxc1+ Kb7 35. Ra1 Ka8 36. f3 Ne3 37. Kd2 Nc4+ 38. Kd3 Nd6 39. Ra6 Nb7 40. Rxg6 Kxa7 41. Rg7 Kb6 42. Rxb7+ 1-0

[Event "45th Olympiad 2024"]
[Site "Budapest HUN"]
[Date "2024.09.21"]
[Round "10.58"]
[Board "4"]
[White "Eltag, Siddig"]
[Black "Mooney, Graham"]
[Result "1-0"]
[WhiteElo "2138"]
[BlackElo "1935"]
[PlyCount "69"]
[EventDate "2024.09.11"]
[WhiteTeam "Sudan"]
[BlackTeam "Jersey"]
[WhiteTeamCountry "SUD"]

1. c4 d5 2. cxd5 Nf6 3. e4 g6 ({RR} 3... c6 4. dxc6 Nxc6 5. Nc3 e5 6. Be2 Bc5 7. d3 Qb6 8. Na4 Qa5+ 9. Bd2 Bb4 10. Nc3 O-O 11. h3 Qb6 12. Nf3 h6 13. O-O Rd8 14. a3 Be7 15. Be3 Qxb2 16. Na4 Qb5 17. d4 Qa5 18. d5 {1-0 Nogerbek,K (2408)-Papadiamandis,E (2385) Titled Tuesday intern op 12th Apr Early blitz 2022 (11)}) ({RR} 3... c6 4. dxc6 Nxc6 5. Nc3 e5 6. Nf3 Bc5 7. Bb5 O-O 8. Bxc6 bxc6 9. O-O Ba6 10. Nxe5 Bxf1 11. Qxf1 Qe8 12. Nd3 Bd4 13. Qe2 c5 14. e5 Nd7 15. Nb5 Bxe5 16. Nxe5 Qxe5 17. Qxe5 Nxe5 18. d4 {0-1 Mirzoev,A (2447)-Weisz,B (1995) Titled Tue 2nd Jan Late 2024 (8)}) 4. Nf3 Bg7 5. Nc3 O-O 6. Qb3 $146 ({RR} 6. Be2 c6 7. dxc6 Nxc6 8. O-O Bg4 9. d3 Qb6 10. Rb1 Bxf3 11. Bxf3 Rfd8 12. Be3 Qa6 13. Be2 Nd4 14. Bxd4 Rxd4 15. Qb3 Nd7 16. Nd5 Nc5 17. Qc2 Qd6 18. b4 Nxd3 19. Bxd3 e6 20. Be2 exd5 {0-1 Harestad,T (2275)-Vestly,J NOR-chT west 1994 (3)}) 6... Nbd7 7. d4 Nb6 8. Be2 c6 9. dxc6 bxc6 10. O-O Bg4 11. Be3 Rb8 12. Qc2 Be6 13. b3 Nh5 14. Rfd1 Qc7 15. Ng5 Nf4 16. Bf1 Bg4 17. f3 Bc8 18. Nb5 Qb7 19. Bxf4 cxb5 20. Bxb8 Qxb8 21. Bxb5 Bxd4+ 22. Rxd4 Qe5 23. Qd2 Qxb5 24. Rd8 h6 25. Rxf8+ Kxf8 26. Nh3 Kg7 27. Nf2 Be6 28. Rc1 Nd7 29. f4 Nf6 30. h3 Qb6 31. Qc3 Kh7 32. Qc5 Qb7 33. f5 Nxe4 34. Nxe4 Bxf5 35. Nf2 1-0

[Event "45th Olympiad 2024"]
[Site "Budapest HUN"]
[Date "2024.09.21"]
[Round "10.59"]
[Board "1"]
[White "Ahmad, Al Khatib"]
[Black "Liyanage, Ranindu Dilshan"]
[Result "0-1"]
[WhiteElo "2302"]
[BlackElo "2366"]
[PlyCount "74"]
[EventDate "2024.09.11"]
[WhiteTeam "Jordan"]
[BlackTeam "Sri Lanka"]
[WhiteTeamCountry "JOR"]
[BlackTeamCountry "SRI"]

1. d4 Nf6 2. c4 e6 3. Nc3 d5 4. cxd5 exd5 5. Bg5 Be7 6. e3 h6 7. Bh4 Bg4 8. Qc2 O-O 9. h3 Be6 10. Bd3 Nc6 $146 ({RR} 10... c5 11. Nf3 Nc6 12. a3 Rb8 13. O-O c4 14. Bf5 Qd7 15. Bxe6 Qxe6 16. Bxf6 Bxf6 17. a4 a6 18. b3 b5 19. axb5 Nb4 20. Qd2 axb5 21. Rfb1 Nd3 22. bxc4 bxc4 23. Ne1 Nxe1 24. Qxe1 Be7 25. Rxb8 {1-0 Peycheva,G (2248)-Salimova,N (2412) WSCC Speed Play-In 1 2024 (2)}) ({RR} 10... Ne8 11. Bxe7 Qxe7 12. Nge2 Nd6 13. Nf4 c6 14. O-O Nd7 15. Rae1 Rae8 16. f3 Qh4 17. Qf2 Qxf2+ 18. Kxf2 g5 19. Nfe2 f5 20. h4 Kg7 21. Rh1 Nf6 22. hxg5 hxg5 23. Ng3 Nfe4+ 24. Bxe4 fxe4 25. Rh5 {0-1 Vidit,S (2716)-Carlsen,M (2839) chess.com SpeedChess 2023 (1.11)}) ({RR} 10... c5 11. Nf3 Nc6 12. dxc5 d4 13. exd4 Nxd4 14. Nxd4 Qxd4 15. Bxf6 Bxf6 16. O-O Qxc5 17. Ne4 Qd4 18. Nxf6+ Qxf6 19. Qe2 Rad8 20. Rfd1 b6 21. a3 Rfe8 22. Bb5 Rxd1+ 23. Rxd1 Re7 24. Qe4 Rc7 25. b4 {½-½ Gergely,D (2262)-Mouhamad,J (2269) Vezerkepzo IM Apr-May 2024 (6.5)}) 11. a3 Ne8 12. Bg3 Bd6 13. f4 Ne7 14. Nf3 c5 15. Bf2 c4 16. Be2 Bf5 17. Qc1 Bh7 18. g4 Nf6 19. f5 Rc8 20. Kf1 Re8 21. Nd2 Qd7 22. Bf3 b5 23. Bh4 Ne4 24. Bxe4 dxe4 25. Kf2 a5 26. Bxe7 Bxe7 27. Ncxe4 Bh4+ 28. Ke2 Qd5 29. Nf2 Qg2 30. Qf1 Rxe3+ 31. Kxe3 Re8+ 32. Nde4 Bg5+ 33. Ke2 Rxe4+ 34. Kd1 Qf3+ 35. Kc2 Re2+ 36. Kb1 Rxb2+ 37. Kxb2 Qb3# 0-1

[Event "45th Olympiad 2024"]
[Site "Budapest HUN"]
[Date "2024.09.21"]
[Round "10.59"]
[Board "2"]
[White "Amarathunga, Kosala Sandeepa Chamikara"]
[Black "Saif, Malek"]
[Result "1-0"]
[WhiteElo "1956"]
[BlackElo "2162"]
[PlyCount "103"]
[EventDate "2024.09.11"]
[WhiteTeam "Sri Lanka"]
[BlackTeam "Jordan"]
[WhiteTeamCountry "SRI"]
[BlackTeamCountry "JOR"]

1. Nf3 Nf6 2. b3 g6 3. Bb2 Bg7 4. g3 d6 5. d4 c6 6. Bg2 Qc7 7. O-O O-O 8. c4 Nbd7 9. Nc3 e5 10. Rc1 Re8 11. e4 exd4 12. Nxd4 Nc5 13. Re1 a5 ({RR} 13... Ne6 14. Nxe6 Bxe6 15. Qd2 Rad8 16. Ne2 a6 17. Nf4 Bc8 18. Bc3 Nd7 19. Ba5 b6 20. Bb4 Nc5 21. Rcd1 a5 22. Bc3 Bxc3 23. Qxc3 Qe7 24. Nd3 Nxd3 25. Qxd3 Qe5 26. f4 Qc5+ 27. Qe3 Bg4 28. Rd2 {1-0 Ghevondyan,A (2216)-Daroczi,D (2135) Titled Tue 13th Aug Late 2024 (11)}) 14. h3 Bd7 15. Kh2 $146 ({RR} 15. Qd2 Rad8 16. Rcd1 Bc8 17. f4 Qb6 18. Kh2 Qb4 19. Qc1 Qb6 20. Qd2 Qb4 21. Qc2 Qb6 22. Ba1 Na6 23. Nf3 Nc5 24. Re2 Qb4 25. Rb1 Qb6 26. Rbe1 Nh5 27. Qd2 Qb4 28. Nd4 Qb6 29. Nc2 Ne6 {1-0 Shimanov,A (2581)-Zochowski,K (2256) Titled Tue 24th Jan Late 2023 (3)}) 15... Re7 16. Rc2 Rae8 17. Rce2 Re5 18. Kg1 Qc8 19. f4 R5e7 20. Kh2 h5 21. Qd2 Bh6 22. Nf3 Bg7 23. Ng5 h4 24. g4 Ne6 25. Nf3 g5 26. fxg5 Nh7 27. Kh1 Be5 28. Nxe5 dxe5 29. Rf2 Nexg5 30. Ref1 Re6 31. Rd1 Rd8 32. Na4 Re7 33. Ba3 c5 34. Bxc5 Ree8 35. Bb6 Ne6 36. Bxd8 Bxa4 37. Bxh4 Bc6 38. Qh6 Nf4 39. Bg3 Nxg2 40. Kxg2 Bxe4+ 41. Kh2 Bg6 42. Rfd2 Nf8 43. Bh4 Re6 44. Rd8 Qc5 45. Rxf8+ Qxf8 46. Rd8 Qxd8 47. Bxd8 b6 48. Qe3 e4 49. Bxb6 a4 50. Bd4 Rd6 51. c5 Rd5 52. c6 1-0

[Event "45th Olympiad 2024"]
[Site "Budapest HUN"]
[Date "2024.09.21"]
[Round "10.59"]
[Board "3"]
[White "Anas Khwaira"]
[Black "Kodithuwakku, K K Dinujaya"]
[Result "0-1"]
[WhiteElo "1994"]
[BlackElo "1826"]
[PlyCount "70"]
[EventDate "2024.09.11"]
[WhiteTeam "Jordan"]
[BlackTeam "Sri Lanka"]
[WhiteTeamCountry "JOR"]
[BlackTeamCountry "SRI"]

1. d4 Nf6 2. c4 e6 3. Nc3 d5 4. cxd5 exd5 5. Bg5 Bb4 6. e3 h6 7. Bf4 Bf5 ({RR} 7... O-O 8. Bd3 c5 9. Nge2 Nc6 10. O-O cxd4 11. Nxd4 Bd6 12. Bxd6 Qxd6 13. h3 Nxd4 14. exd4 Bd7 15. Re1 Rae8 16. Qd2 Bc6 17. Rad1 Rxe1+ 18. Rxe1 Rd8 19. a3 Kf8 20. g3 Re8 21. Rxe8+ {½-½ Grebnev,A (2535)-Ohanyan,E (2456) Andranik Margaryan Mem GM 2024 (9.2)}) 8. Qa4+ $146 ({RR} 8. Bd3 Bxd3 9. Qxd3 O-O 10. Nge2 c6 11. g4 Ne4 12. h4 Nd7 13. a3 Ba5 14. f3 Nxc3 15. bxc3 Re8 16. Kf2 Nf8 17. g5 h5 18. Be5 Qd7 19. Ng3 g6 20. c4 b5 21. c5 Bc7 22. f4 a5 {0-1 Keymer,V (2686)-Gukesh,D (2684) Biel 55th 2022 (5)}) ({RR} 8. Bd3 Bxd3 9. Qxd3 c6 10. Nge2 Nh5 11. Be5 Nd7 12. h3 Nhf6 13. Bh2 O-O 14. a3 Ba5 15. O-O Re8 16. Rac1 Qe7 17. b4 Bd8 18. Ng3 Bc7 19. Nf5 Bxh2+ 20. Kxh2 Qe6 21. Ng3 Qd6 22. Kg1 a5 {1-0 Keymer,V (2690)-Carlsen,M (2835) FIDE World Cup 2023 (4.1)}) ({RR} 8. Bd3 Bxd3 9. Qxd3 O-O 10. Nge2 Nbd7 11. a3 Bxc3+ 12. Nxc3 Re8 13. O-O c6 14. h3 a5 15. f3 a4 16. Rad1 Qb6 17. Rf2 Qa6 18. Qc2 Qc4 19. Re2 Re6 20. e4 dxe4 21. fxe4 Rae8 22. e5 Nb6 {0-1 Bluebaum,M (2657)-Tabatabaei,M (2660) World Rapid 2022 (4.27)}) 8... Nc6 9. Bb5 Bxc3+ 10. bxc3 Bd7 11. Qc2 O-O 12. Be2 Ne4 13. h3 Rc8 14. Nf3 Na5 15. Nd2 Bf5 16. Bd3 Re8 17. Nxe4 Bxe4 18. Bxe4 Rxe4 19. O-O Nc4 20. Qd3 Qf6 21. Rfe1 Re7 22. Bg3 Rce8 23. Rab1 b6 24. Re2 g6 25. Rbe1 Qf5 26. Qd1 c6 27. Qa4 Qf6 28. Qb4 a5 29. Qb3 Qf5 30. Qa4 b5 31. Qb3 Qd3 32. a4 Rb7 33. axb5 Rxb5 34. Qc2 Qxc2 35. Rxc2 a4 0-1

[Event "45th Olympiad 2024"]
[Site "Budapest HUN"]
[Date "2024.09.21"]
[Round "10.59"]
[Board "4"]
[White "Bandara, Dhanushka"]
[Black "Rakan Dasa"]
[Result "1/2-1/2"]
[WhiteElo "1903"]
[BlackElo "1975"]
[PlyCount "146"]
[EventDate "2024.09.11"]
[WhiteTeam "Sri Lanka"]
[BlackTeam "Jordan"]
[WhiteTeamCountry "SRI"]
[BlackTeamCountry "JOR"]

1. e4 c6 2. d4 d5 3. e5 c5 4. dxc5 e6 5. a3 Bxc5 6. b4 Bb6 7. Nf3 Ne7 8. Bb2 a5 9. b5 Nd7 10. a4 Qc7 11. Bd3 Ng6 12. Bxg6 hxg6 13. O-O Bc5 $146 ({RR} 13... g5 14. h3 g4 15. hxg4 Qc4 16. Bd4 Bxd4 17. Qxd4 Qxd4 18. Nxd4 Nxe5 19. Re1 Nxg4 20. c4 Rh5 21. Nd2 Bd7 22. f3 Nf6 23. g4 Rg5 24. Kf2 Kf8 25. Rac1 e5 26. N4b3 e4 27. Nc5 Bc8 28. cxd5 {½-½ Semenova,E (2212)-Belenkaya,D (2350) EU-ch (Women) 21st 2021 (5)}) 14. Nbd2 b6 15. Nb3 Bb7 16. Rc1 Rd8 17. Bd4 Bxd4 18. Qxd4 Qc4 19. Rfd1 Rc8 20. Rd3 Rh5 21. Qa1 Qc7 22. g4 Rh8 23. Qd4 Qc4 24. Nbd2 Qxd4 25. Rxd4 Ke7 26. c3 Rc7 27. Nb1 Rhc8 28. Rcd1 Nc5 29. Nfd2 Nd7 30. f4 g5 31. Nf3 gxf4 32. Rxf4 Rc4 33. Rdd4 Rxd4 34. Rxd4 f6 35. exf6+ gxf6 36. g5 fxg5 37. Nxg5 Ne5 38. Rh4 Kf6 39. Rh7 Kxg5 40. Rxb7 Nc4 41. Rg7+ Kf6 42. Rg2 Ne3 43. Rd2 Nf5 44. Kf2 Rc4 45. Ra2 Nd6 46. Ke3 Ne4 47. Ra3 Rc8 48. Kd4 Rc4+ 49. Ke3 Rc7 50. Kd4 Kf5 51. Kd3 Rh7 52. Ra2 Ke5 53. Re2 Rh3+ 54. Kc2 Kf5 55. c4 dxc4 56. Nd2 Nd6 57. Rf2+ Ke5 58. Nf3+ Kd5 59. Rd2+ Kc5 60. Ng5 Re3 61. h4 Nf5 62. h5 Kb4 63. Rh2 Nh6 64. Rh4 Re2+ 65. Kd1 Re5 66. Nf3 Rd5+ 67. Kc2 Nf5 68. Re4 Rd3 69. Nd2 Ne3+ 70. Kc1 Rc3+ 71. Kb1 Rd3 72. Kc1 Rc3+ 73. Kb1 Rd3 1/2-1/2

[Event "45th Olympiad 2024"]
[Site "Budapest HUN"]
[Date "2024.09.21"]
[Round "10.60"]
[Board "1"]
[White "Alrehaili, Ahmed Abdullah S"]
[Black "Smith, Shreyas"]
[Result "1-0"]
[WhiteElo "2117"]
[BlackElo "2226"]
[PlyCount "55"]
[EventDate "2024.09.11"]
[WhiteTeam "Saudi Arabia"]
[BlackTeam "Jamaica"]
[WhiteTeamCountry "SAU"]
[BlackTeamCountry "JAM"]

1. e4 c5 2. Nf3 Nc6 3. Bb5 g6 4. Bxc6 bxc6 5. O-O Bg7 6. Re1 Qc7 7. d3 e5 8. c3 Ne7 ({RR} 8... Nf6 9. d4 cxd4 10. cxd4 exd4 11. Qxd4 O-O 12. Nc3 Qb6 13. Qxb6 axb6 14. e5 Ne8 15. Be3 Ra6 16. Rad1 f6 17. Bd4 fxe5 18. Bxe5 d5 19. Bxg7 Nxg7 20. Ne5 Bb7 21. a4 Nf5 22. Nf3 c5 23. Nxd5 {½-½ Giri,A (2768)-Nakamura,H (2775) 11th Norway Chess 2023 (4.2)}) 9. Be3 d6 10. d4 exd4 $146 ({RR} 10... cxd4 11. cxd4 Bg4 12. dxe5 Bxe5 13. Nc3 Rb8 14. h3 Bxf3 15. Qxf3 Rxb2 16. Bh6 f6 17. Rac1 Kf7 18. Qd3 g5 19. h4 Qb6 20. Ne2 Rg8 21. hxg5 fxg5 22. Kh1 Rg6 23. Qh3 Qa6 24. f4 gxf4 25. Nxf4 {1-0 Ivic,V (2567)-Le,Q (2731) Titled Tue 20th Feb Late 2024 (10)}) 11. cxd4 Bg4 12. dxc5 Bxf3 13. Qxf3 O-O 14. Nd2 d5 15. Bf4 Qa5 16. Nb3 Qb4 17. Bd6 Rfe8 18. a3 Qb7 19. Re3 f5 20. e5 f4 21. Qxf4 Nf5 22. Rf3 a5 23. a4 Nxd6 24. exd6 Rf8 25. Qg4 Rxf3 26. Qxf3 Rb8 27. Re1 Bxb2 28. Re7 1-0

[Event "45th Olympiad 2024"]
[Site "Budapest HUN"]
[Date "2024.09.21"]
[Round "10.60"]
[Board "2"]
[White "Glaves, Raheem"]
[Black "Al Thebaiti, Ahmed M"]
[Result "1/2-1/2"]
[WhiteElo "2094"]
[BlackElo "1993"]
[PlyCount "99"]
[EventDate "2024.09.11"]
[WhiteTeam "Jamaica"]
[BlackTeam "Saudi Arabia"]
[WhiteTeamCountry "JAM"]
[BlackTeamCountry "SAU"]

1. e4 e5 2. Nf3 Nc6 3. Bc4 Bc5 4. O-O Nf6 5. d3 O-O 6. a4 a5 7. Nc3 h6 8. Be3 Bxe3 9. fxe3 d6 10. Qe1 $146 ({RR} 10. d4 exd4 11. exd4 Nxe4 12. Nxe4 d5 13. Bd3 dxe4 14. Bxe4 Qd6 15. c3 Bd7 16. Qb3 Rae8 17. Rae1 b6 18. Nd2 h5 19. Nc4 Qh6 20. d5 Na7 21. d6 Qg5 22. dxc7 Qc5+ 23. Kh1 Nc8 24. Bd3 Rxe1 {1-0 So,W (2769)-Eljanov,P (2695) Julius Baer Rapid Div 1 W 2023 (1.1)}) 10... Be6 11. Bxe6 fxe6 12. Qg3 Qe8 13. Nb5 Qd7 14. Rf2 Rf7 15. Na3 Raf8 16. Nc4 b6 17. b3 Qe8 18. Raf1 Nb4 19. Qh3 Nh7 20. Qh4 Qe7 21. Qg4 Rf6 22. h4 g6 23. Qg3 Kg7 24. d4 exd4 25. exd4 Rf4 26. c3 Nc6 27. e5 d5 28. Ncd2 Qf7 29. Nh2 Rxf2 30. Rxf2 Qxf2+ 31. Qxf2 Rxf2 32. Kxf2 Ne7 33. g4 Nf8 34. Nhf3 Nd7 35. Ke3 c6 36. Nf1 b5 37. axb5 cxb5 38. Kd3 Nb6 39. Ng3 a4 40. Kc2 Nc6 41. bxa4 bxa4 42. Nd2 Na5 43. Nh1 Nbc4 44. Nxc4 Nxc4 45. Nf2 g5 46. hxg5 hxg5 47. Kb1 Kf7 48. Ka2 Kg7 49. Nd3 Ne3 50. Nf2 1/2-1/2

[Event "45th Olympiad 2024"]
[Site "Budapest HUN"]
[Date "2024.09.21"]
[Round "10.60"]
[Board "3"]
[White "Al Abdali, Zeyad Saleh"]
[Black "Shaw, Jaden"]
[Result "0-1"]
[WhiteElo "1780"]
[BlackElo "2051"]
[PlyCount "60"]
[EventDate "2024.09.11"]
[WhiteTeam "Saudi Arabia"]
[BlackTeam "Jamaica"]
[WhiteTeamCountry "SAU"]
[BlackTeamCountry "JAM"]

1. d4 Nf6 2. c4 e6 3. Nf3 Bb4+ 4. Nbd2 b6 5. a3 Bxd2+ 6. Qxd2 a5 7. Qc2 Bb7 8. e3 Ne4 9. Bd3 f5 10. O-O O-O $146 ({RR} 10... a4 11. Nd2 Nxd2 12. Bxd2 O-O 13. f3 Qf6 14. Bc3 Qh6 15. e4 fxe4 16. fxe4 Nc6 17. d5 Qe3+ 18. Kh1 Nd4 19. Qd2 Qxd2 20. Bxd2 Nb3 21. Rad1 Rxf1+ 22. Bxf1 Nxd2 23. Rxd2 e5 24. Kg1 Rf8 25. Rf2 {½-½ Guichard,P (2278)-Alexieva,S (2393) FRA-ch (Women) 2007 (5)}) 11. Nd2 Qh4 12. f3 Nxd2 13. Bxd2 Nc6 14. b4 axb4 15. axb4 Rxa1 16. Rxa1 Nxd4 17. Qb2 Nxf3+ 18. gxf3 Rf6 19. Be1 Qg5+ 20. Kf2 Rg6 21. Ke2 Qg1 22. Bg3 Qg2+ 23. Bf2 Qxh2 24. e4 Rg2 25. Rf1 e5 26. exf5 Qf4 27. Ke1 Bxf3 28. c5 bxc5 29. bxc5 Qa4 30. Qxe5 Qd1# 0-1

[Event "45th Olympiad 2024"]
[Site "Budapest HUN"]
[Date "2024.09.21"]
[Round "10.60"]
[Board "4"]
[White "McKennis, Darren"]
[Black "Khayat, Emad"]
[Result "0-1"]
[WhiteElo "1905"]
[BlackElo "1907"]
[PlyCount "104"]
[EventDate "2024.09.11"]
[WhiteTeam "Jamaica"]
[BlackTeam "Saudi Arabia"]
[WhiteTeamCountry "JAM"]
[BlackTeamCountry "SAU"]

1. d4 Nf6 2. Nc3 d5 3. Bf4 e6 4. Nb5 Na6 5. e3 Be7 6. h3 O-O 7. Nf3 Bd7 ({RR} 7... c6 8. Nc3 c5 9. Bxa6 bxa6 10. O-O Bd7 11. Ne5 Be8 12. a3 Rc8 13. Qe2 cxd4 14. exd4 Qb6 15. Nd3 Qxd4 16. Rad1 Bb5 17. Be3 Bxd3 18. cxd3 Qh4 19. Bxa7 Bxa3 20. d4 Bb4 21. Qxa6 Bxc3 22. bxc3 {½-½ Kilic,E (2439)-Klekowski,M (2477) Titled Tue 6th Feb Late 2024 (4)}) 8. Nc3 c5 9. Bxa6 $146 ({RR} 9. a3 Rc8 10. Bd3 Qb6 11. Rb1 Nc7 12. O-O cxd4 13. exd4 Nb5 14. Bxb5 Bxb5 15. Re1 Rfd8 16. Ne5 Be8 17. Qd3 Qa6 18. Qf3 b5 19. Rbc1 Qb6 20. Ne2 a5 21. c3 b4 22. axb4 axb4 23. Ng3 bxc3 {1-0 Jobava,B (2603)-Xiong,J (2709) PNWCC Online Blitz JP 22 2021 (4)}) 9... bxa6 10. O-O Qb6 11. Rb1 Rac8 12. Ne5 Bb5 13. Nxb5 axb5 14. c3 h6 15. Qe2 Bd6 16. Rbc1 Rc7 17. dxc5 Rxc5 18. Nd3 Rc4 19. Bxd6 Qxd6 20. Rfd1 Rfc8 21. Rc2 a5 22. a3 Qc7 23. Rdc1 Ne4 24. Qh5 Nf6 25. Qe5 Qxe5 26. Nxe5 R4c7 27. a4 b4 28. c4 Ne4 29. f3 b3 30. Re2 Ng3 31. Rd2 dxc4 32. Rc3 f6 33. Nd7 Rxd7 34. Rxd7 Ne2+ 35. Kf2 Nxc3 36. bxc3 Rb8 37. Rd1 Kf7 38. Ke2 Ke7 39. g4 g5 40. f4 Rd8 41. Rc1 gxf4 42. exf4 Rd3 43. h4 Rh3 44. g5 Rxh4 45. gxh6 Rxh6 46. Ke3 e5 47. fxe5 fxe5 48. Rg1 Rh3+ 49. Ke4 Rxc3 50. Rg7+ Kd6 51. Ra7 b2 52. Rb7 Rb3 0-1